000
00313nam a2200121Ia 4500
008
190216s9999||||xx |||||||||||||| ||und||
100
_a
Vinod A & Assan Kutty
245
0
_a
Fundamentals Of Financial Management And Auditing
260
_b
Kalyani Pub
_c
2002
300
_a
416p
650
_a
Commerce
942
_c
BK
999
_c
6468
_d
6468